Statistics for The National (feat. Phoebe Bridgers) - Your Mind Is Not Your Friend

Click here to take the quiz!

General Stats

  • This quiz has been taken 6 times
  • The average score is 173 of 231

Answer Stats

Answer% Correct
a
100%
friend
100%
Is
100%
is
100%
mind
100%
not
100%
you
100%
You
100%
your
100%
Your
100%
an
83%
And
83%
be
83%
get
83%
it
83%
It
83%
the
83%
to
83%
again
67%
all
67%
break
67%
by
67%
Don't
67%
It's
67%
it's
67%
Don't
67%
feel
67%
heart
67%
like
67%
nowhere
67%
That
67%
will
67%
are
50%
at
50%
believe
50%
didn't
50%
You're
50%
From
50%
gonna
50%
hand
50%
in
50%
into
50%
lid
50%
nothing
50%
oceans
50%
place
50%
She
50%
side
50%
takes
50%
try
50%
under
50%
understand?
50%
You're
50%
awful
33%
Between
33%
child
33%
choking
33%
climbing
33%
crawling
33%
flip
33%
fortune
33%
holes
33%
imagination
33%
inherited
33%
leaves
33%
manifestation
33%
mother's
33%
nerves
33%
out
33%
persuaded
33%
rocks
33%
sister
33%
sun
33%
survived
33%
poles
17%
Tranquilize
17%
vain
17%

Score Distribution

Percentile by Number Answered

Percent of People with Each Score

Your Score History

You have not taken this quiz